Love my life /
Guardat en:
| Autor principal: | |
|---|---|
| Format: | Llibre |
| Idioma: | italià |
| Publicat: |
Bologna :
Kappa,
[2005]
|
| Col·lecció: | Manga san ;
3 |
| Etiquetes: |
Sense etiquetes, Sigues el primer a etiquetar aquest registre!
|
MARC
| LEADER | 00000nam a22000007i 4500 | ||
|---|---|---|---|
| 001 | IT\ICCU\MOD\0978231 | ||
| 003 | ItRI | ||
| 005 | 20260213182830.0 | ||
| 008 | 051207s2005 it |||||| ||||| |||||c | ||
| 020 | |a 8874710895 | ||
| 040 | |b ita |c ct | ||
| 041 | 7 | |a ita |2 ISO-639-2 | |
| 082 | |a 741.5 |2 19 | ||
| 100 | 1 | |a Yamaji, Ebine |0 IT\ICCU\MODV\344092 |4 aut | |
| 245 | 1 | 0 | |a Love my life / |c Ebine Yamaji. |
| 260 | |a Bologna : |b Kappa, |c [2005] | ||
| 300 | |a 198 p. : |b ill. ; |c 21 cm. | ||
| 830 | 0 | |a Manga san ; |v 3 |0 IT\ICCU\MOD\0978222 | |
| 942 | |2 ddc |c BK | ||
| 952 | |0 0 |1 0 |2 ddc |4 0 |6 B_FOR01YAMEBLOV11 |7 0 |9 7644 |a MI |b MI |d 2012-02-06 |i 6388 |l 0 |o B-FOR01-YAMEB-LOV11 |p CDOM6388 |r 2025-07-13 16:28:44 |w 2025-07-13 |x ACQUISTO |y BK | ||
| 952 | |0 0 |1 0 |4 0 |6 F_741_595000000000000_YAM |7 0 |9 16534 |a BO |b BO |d 2026-01-15 |i 11445 |l 0 |o F 741.595 YAM |p BO11445 |r 2026-01-15 23:19:23 |w 2026-01-15 |x [Sebina 5] [1 v.] |y BK |z 1 v. | ||
| 952 | |0 0 |1 0 |4 0 |6 F_741_595000000000000_YAM |7 0 |9 16535 |a BO |b BO |d 2026-01-15 |i 9878 |l 0 |o F 741.595 YAM |p BO9878 |r 2026-01-15 23:19:23 |w 2026-01-15 |x [Sebina 5] [1 v.] |y BK |z 1 v. | ||
| 952 | |0 0 |1 0 |4 0 |6 F_741_595000000000000_YAM |7 0 |9 16536 |a BO |b BO |d 2026-01-15 |i 16848 |l 0 |o F 741.595 YAM |p BO16848 |r 2026-01-15 23:19:23 |w 2026-01-15 |x [Sebina 5] [1 v.] |y BK |z 1 v. (3. copia) | ||
| 999 | |c 6330 |d 6330 | ||